Normal view
MARC view
- Computer science
Entry Topical Term
001 - CONTROL NUMBER
- control field: 94314
003 - CONTROL NUMBER IDENTIFIER
- control field: NUST
005 - DATE AND TIME OF LATEST TRANSACTION
- control field: 20220721112120.0
008 - FIXED-LENGTH DATA ELEMENTS
- fixed length control field: 220721|| aca||aabn | a|a d
040 ## - CATALOGING SOURCE
- Original cataloging agency: NUST
- Transcribing agency: NUST
150 ## - HEADING--TOPICAL TERM
- Topical term or geographic name entry element: Computer science
- General subdivision: Examinations
670 ## - SOURCE DATA FOUND
- Source citation: Work cat.: (NUST)179535: Ben-Avi, Stephen S. 94313, Graduate record examination. MCSComputer science / , c1988.
